01426nam a2200265 i 450000100060000000300090000600500170001500700030003200800410003524502160007626000390029230000210033150000560035250502940040865100270070270000360072970000330076570000430079870000340084170000460087571000430092185200330096499900170099795201460101444694ES-MaACL20250928134702.0t|030324s1952 cu ||||1| spa d06aEn el cincuentenario de la Independencia b: discursos leídos por los Académicos ... en la sesión solemne celebrada el día 21 de mayo de 1952 /cpalabras de apertura por Emeterio S. Santovenia y Echaide. aLa Habana : bEl Siglo XX, c1952. a60 p. ; c24 cm. aPrecede al tít.: Academia de la Historia de Cuba.8 aContiene: Organización del poder judicial / por Enrique Gay-Calbó. Organización y constitución del poder legislativo / José Manuel Pérez Cabrera. Organización e inauguración del poder ejecutivo / por Juan J. Remos. Cuba en el concierto internacional / Cosme de la Torriente 4aCuba-xHistoria.980941 aSantovenia, Emeterio S.91035431 aGay Calbó, Enrique.9561161 aPérez Cabrera, José Manuel.9906911 aRemos y Rubio, Juan J.9961501 aTorriente, Cosme de la, dn. 187291110402 aAcademia de la Historia de Cuba.91183 aES-MaACLj1976-F-5 bR.32687 c44694d44694 001040708Colección_de_folletosaATENEOMbATENEOMcDEPOFd2008-01-17eSCl0o1976-F-5p1047038r2023-02-23 00:00:00w2023-02-23yFOLLETOS